| 000 | 00590nam a2200181 i 4500 | ||
|---|---|---|---|
| 001 | 41525 | ||
| 003 | ES-MaACL | ||
| 005 | 20250913172549.0 | ||
| 007 | t| | ||
| 008 | 030311s1883 sp ||||1| spa d | ||
| 100 | 1 |
_aCaso, José Indalecio. _936324 |
|
| 245 | 1 | 3 |
_aLa verdad en la cuestión del general Serrano sobre el casamiento de su hijo / _cJosé Indalecio Caso. |
| 260 |
_a[Poitiers : _bs.n., _c1883] ( _fImp. Oudín) |
||
| 300 |
_aVII, 167 p. ; _c29 cm. |
||
| 600 | 1 | 7 |
_aSerrano y Domínguez, Francisco, _d1810-1885 _2 _9153059 |
| 852 |
_aES-MaACL _jC-2782 |
||
| 999 |
_c41525 _d41525 |
||